LEADER 00692nam a2200169 i 4500 001 000000230360 003 CaOOAMICUS 005 20140605000000.0 008 140605s1848 it u000 u lat u 013 $a209262 040 $aSeMil$bita 245 10$aComplectens commentaria in quatuor prophetas majores. 2. 300 $aP. 797-1611. 773 0 $tR. P. C. Cornelii a Lapide ... Commentarii in Sacram Scripturam.$bEditio recens.$dMelitae : Apud Tonna, Banchi & soc., 1843.$g6$w()30033 850 $aSeMil 852 $aSeMil$W1$xVenegono$y1$m2V V 71 FA$j180706$B180706$CSeMilBibl$Z2$F191639 $8I 996 $6245$aComplectens commentaria in quatuor prophetas majores. 2$9(OLS)http://semarc/title/329141 LEADER 01140nam a2200265 i 4500 001 000000039206 003 CaOOAMICUS 005 20101217000000.0 008 101217s1992 xx u000 u spa u 013 $a9933 020 $a84-87557-37-6 040 $aSeMil$bita 100 1 $aFernández Rodríguez, Pedro .$0(OLS)http://semarc/name/18953 245 10$aIntroduccion a la ciencia liturgica /$cPedro Fernandez Rodriguez. 260 $aSalamanca :$bEditorial San Esteban,$ccopyr. 1992. 300 $a247 p. ;$c22 cm. 490 0 $aGlosas : estudio teológico de San Estebán ;$v18 650 4$aLiturgia.$0(OLS)http://semarc/subject/1618 830 0$aGlosas / Facultad de Teología de San Estebàn ;$v18.$0(OLS)http://semarc/title/29400 850 $aSeMil 852 $aSeMil$W1$xVenegono$y1$m3K IV 350$j5361$B5361$CSeMilBibl$Z2$F5361 $81 961 $aAcquisto: Casa editrice 996 $6020$a84-87557-37-6$9(OLS)http://semarc/number/8801 996 $6245$aIntroduccion a la ciencia liturgica$9(OLS)http://semarc/title/55707 996 $6260$aSalamanca :$bEditorial San Esteban$9(OLS)http://semarc/publisher/31142